000 00442nam a2200181Ia 4500
001 18001
005 20260306171558.0
008 260306s9999||||xx |||||||||||||| ||und||
041 _aESP
082 _a658.311
_bG24
100 _aGarcía Noya, María
_eAUT
245 0 _aSelección de personal:
_bsistema integrado
260 _c2001
300 _a272 páginas :
_c24 cm.
650 _aGEN
654 _aCAN
942 _cLIB
_dJUS
_fJUS
_2ddc
_n
999 _c18001
_d18001